Alternative "And Something" - Statistics

General Stats
  • This quiz has been taken 685 times
  • The average score is 6 of 12
Answer Stats
Hint Answer % Correct
Affleck and Seinfeld Ben and Jerry
98%
Allen and Aldrin Woody and Buzz
70%
Sandler and Christmas Adam and Eve
61%
Nicholson and Biden Jack and Jill
58%
Rooney and Driver Mickey and Minnie
51%
Trump and Ridley Donald and Daisy
47%
Bellucci and Weisz Monica and Rachel
43%
Flintstone and Spice Fred and Ginger
41%
Poppins and Navas Mary and Jesus
26%
Eamonn and Emma Holmes and Watson
25%
Jools and Syd Holland and Barrett
19%
DeVito and Beach Danny and Sandy
16%
No matching quizzes found
Score Distribution
Percent of People with Each Score
Percentile by Number Answered
Your Score History
You have not taken this quiz